书目信息 |
| 题名: |
80种常见中草药栽培、提取、营销
|
|
| 作者: | 周成明 , 靳光乾 , 张成文 , 徐小琴 , 陈振鸿 编著 | |
| 分册: | ||
| 出版信息: | 北京 中国农业出版社 2018重印 |
|
| 页数: | 409页 | |
| 开本: | 21cm | |
| 丛书名: | ||
| 单 册: | ||
| 中图分类: | S567.04 | |
| 科图分类: | ||
| 主题词: | 药用植物--yao yong zhi wu--栽培技术 , 中药化学成分--zhong yao hua xue cheng fen--提取 | |
| 电子资源: | ||
| ISBN: | 978-7-109-19575-2 | |
| 000 | 01360nam0 2200325 45 | |
| 001 | 012001000639 | |
| 005 | 20191108095616.20 | |
| 010 | @a978-7-109-19575-2@dCNY40.00 | |
| 099 | @aCAL 012015145687 | |
| 100 | @a20151124d2014 em y0chiy50 ea | |
| 101 | 0 | @achi |
| 102 | @aCN@b110000 | |
| 105 | @ay z 000yy | |
| 106 | @ar | |
| 200 | 1 | @a80种常见中草药栽培、提取、营销@A80 zhong chang jian zhong cao yao zai pei、ti qu、ying xiao@f周成明... [等] 编著 |
| 205 | @a第3版 | |
| 210 | @a北京@c中国农业出版社@d2018重印 | |
| 215 | @a409页@d21cm | |
| 314 | @a题名页题其余责任者:靳光乾,张成文,徐小琴,陈振鸿。 | |
| 330 | @a本书国内外中药材市场和北方地区传统中药材种植现状部分的内容显得更为珍贵,目前还没有同类书籍向读者提供过如此翔实的国内、国外植物提取物资料,其价格和销售渠道都是商业秘密。本书首次将国内、国外20余个药材市场的情况编入书中,使读者对中药材和植物提取物市场及药材和植物提取物的物流有个大致的了解。 | |
| 606 | 0 | @a药用植物@Ayao yong zhi wu@x栽培技术 |
| 606 | 0 | @a中药化学成分@Azhong yao hua xue cheng fen@x提取 |
| 690 | @aS567.04@v5 | |
| 701 | 0 | @a周成明@Azhou cheng ming@4编著 |
| 701 | 0 | @a靳光乾@Ajin guang qian@4编著 |
| 701 | 0 | @a张成文@Azhang cheng wen@4编著 |
| 701 | 0 | @a徐小琴@Axu xiao qin@4编著 |
| 701 | 0 | @a陈振鸿@Achen zhen hong@4编著 |
| 801 | 0 | @aCN@b北京卓展文化@c20191020 |
| 905 | @b1200747-50@dS567.04@e97=3@f4 | |
| 80种常见中草药栽培、提取、营销/周成明... [等] 编著.-第3版.-北京:中国农业出版社,2018重印 |
| 409页;21cm |
| ISBN 978-7-109-19575-2:CNY40.00 |
| 本书国内外中药材市场和北方地区传统中药材种植现状部分的内容显得更为珍贵,目前还没有同类书籍向读者提供过如此翔实的国内、国外植物提取物资料,其价格和销售渠道都是商业秘密。本书首次将国内、国外20余个药材市场的情况编入书中,使读者对中药材和植物提取物市场及药材和植物提取物的物流有个大致的了解。 |
| ● |
| 相关链接 |
|
|
|
|
正题名:80种常见中草药栽培、提取、营销
索取号:S567.04/97=3
 
预约/预借
| 序号 | 登录号 | 条形码 | 馆藏地/架位号 | 状态 | 备注 |
| 1 | 1200747 | 212007479 | 第二样本阅览室/ [索取号:S567.04/97=3] | 在馆 | |
| 2 | 1200748 | 212007488 | 第三借阅区/ [索取号:S567.04/97=3] | 在馆 | |
| 3 | 1200749 | 212007497 | 第三借阅区/ [索取号:S567.04/97=3] | 在馆 | |
| 4 | 1200750 | 212007503 | 第三借阅区/ [索取号:S567.04/97=3] | 在馆 |